| 000 | 00685cam a2200265 4500500 | ||
|---|---|---|---|
| 005 | 20260329004746.0 | ||
| 041 | _afre | ||
| 042 | _adc | ||
| 100 | 1 | 0 |
_aRobin, Anne _eauthor |
| 245 | 0 | 0 | _aEspoir |
| 260 | _c2021. | ||
| 500 | _a1 | ||
| 690 | _aDescartes | ||
| 690 | _aDéterminisme | ||
| 690 | _aErnst Bloch | ||
| 690 | _aEspoir | ||
| 690 | _aFoi | ||
| 690 | _aincertitude | ||
| 690 | _aLiberté | ||
| 690 | _aNietzsche | ||
| 690 | _aSénèque | ||
| 690 | _aUtopie | ||
| 786 | 0 | _nPhilosophie magazine | 146 | 2 | 2021-02-01 | p. 69-69 | 1951-1787 | |
| 856 | 4 | 1 | _uhttps://shs.cairn.info/magazine-philosophie-magazine-2021-2-page-69?lang=fr&redirect-ssocas=7080 |
| 999 |
_c1837018 _d1837018 |
||